| 000 | 01034nam0a22002411 4500 | ||
|---|---|---|---|
| 001 | rc\2644551 | ||
| 005 | 20250529190341.0 | ||
| 035 | _a(NLR Aleph) 006952317 | ||
| 090 |
_a5259886 _c5259886 |
||
| 100 | _a20110607d1928 |||y0rusy50 ca | ||
| 101 | 0 | _arus | |
| 102 | _aRU | ||
| 105 | _ay z ||||| | ||
| 200 | 1 |
_aКонъюнктура народного хозяйства ДССР в 1927-28 с.-х. году _eМатериалы к докладу Госплана в Совнаркоме ДССР _fДССР. Конъюнктурное бюро Госплана _gА.Л. М-ов |
|
| 210 |
_aМахач-Кала _cизд-во "Плановое хоз-во Дагестана" _d1928 _g2-я гостипо-литогр. ДагГИЗ'а |
||
| 215 |
_a50 с. _d26х17 см |
||
| 702 | 1 |
_aМ-ов _bА.Л. _4570 |
|
| 710 | 0 | 1 |
_aДагестанская АССР _bГосударственная плановая комиссия |
| 801 | 0 |
_aRU _bNLR _gpsbo |
|
| 801 | 1 |
_aRU _bELAR _2rusmarc |
|
| 852 |
_aNLR _j59/3071 |
||
| 942 | _cBOOK | ||
| 980 | _aNB | ||